000 00385 a2200145 4500
001 168344
020 _a
040 _cMagnum
100 _aAchath, Sati
240 1 0 _aTeatrinho de sombras: criando com as maos um mundo de historias e ...
_lpor
245 1 0 _aTeatrinho de sombras: criando com as maos um mundo de historias e ...
362 0 _a1899
697 _aGERAL
942 _cBK
999 _c168344
_d168344